ARRUPE JESUIT UNIVERSITY

CORONAVIRUS -STOP THE SPREAD - CLEAN,DISINFECT,COVER

Le Sacré et le profane (Record no. 127308)

MARC details
000 -LEADER
fixed length control field 00881cam a22002411 4500
001 - CONTROL NUMBER
control field 785701
003 - CONTROL NUMBER IDENTIFIER
control field ARRUPE
005 - DATE AND TIME OF LATEST TRANSACTION
control field 20180110112538.0
008 - FIXED-LENGTH DATA ELEMENTS--GENERAL INFORMATION
fixed length control field 731009s1971 fr 000 0 eng
010 ## - LIBRARY OF CONGRESS CONTROL NUMBER
LC control number 73344505
015 ## - NATIONAL BIBLIOGRAPHY NUMBER
National bibliography number F***
040 ## - CATALOGING SOURCE
Original cataloging agency DLC
Transcribing agency DLC
Modifying agency DLC
050 00 - LIBRARY OF CONGRESS CALL NUMBER
Classification number BL48
Item number .E414
082 00 - DEWEY DECIMAL CLASSIFICATION NUMBER
Classification number 813/.5/2
300 ## - PHYSICAL DESCRIPTION
Dimensions 17cm.
100 ## - MAIN ENTRY--PERSONAL NAME
Personal name Eliade, Mircea
9 (RLIN) 17672
245 03 - TITLE STATEMENT
Title Le Sacré et le profane
Statement of responsibility, etc Mircea Eliade
260 ## - PUBLICATION, DISTRIBUTION, ETC. (IMPRINT)
Place of publication, distribution, etc Paris
Name of publisher, distributor, etc Gallimard
Date of publication, distribution, etc 1965.
300 ## - PHYSICAL DESCRIPTION
Extent 186p. ;
650 ## - SUBJECT ADDED ENTRY--TOPICAL TERM
Topical term or geographic name as entry element Religion
9 (RLIN) 38296
906 ## - LOCAL DATA ELEMENT F, LDF (RLIN)
a 7
b cbc
c orignew
d 4
e ncip
f 19
g y-gencatlg
942 ## - ADDED ENTRY ELEMENTS (KOHA)
Source of classification or shelving scheme Library of Congress Classification
Koha item type Monograph ( Printed materials)
Holdings
Withdrawn status Lost status Source of classification or shelving scheme Damaged status Not for loan Collection code Home library Current library Shelving location Date acquired Total Checkouts Full call number Barcode Date last seen Price effective from Koha item type
    Library of Congress Classification     Main Collection ARRUPE LIBRARY ARRUPE LIBRARY Main Collection 10/01/2018   BL48 .E414 46600000280 10/01/2018 10/01/2018 Monograph ( Printed materials)

 

Arrupe Library. PO Box MP320 Mt Pleasant, Harare, Zimbabwe
263 242 745411|librarian@aju.ac.zw